[Event "Coupe de la Loire 2014"]
[Site "?"]
[Date "2014.05.24"]
[Round "3"]
[White "Pradel, Philippe"]
[Black "Libiszewski, Christian"]
[Result "1/2-1/2"]
[WhiteElo "1590"]
[BlackElo "1640"]
[PlyCount "60"]
[EventDate "2014.??.??"]

1. e4 e6 2. d3 d5 3. Nd2 c5 4. Ngf3 Nc6 5. g3 Be7 6. Bg2 Nf6 7. O-O Qc7 8. Re1
h6 9. e5 Nd7 10. Qe2 g5 11. h4 g4 12. Nh2 Ndxe5 13. Nxg4 Nxg4 14. Qxg4 Bf6 15.
Bxd5 Ne5 16. Qf4 Bg7 17. Bg2 Bd7 18. Nc4 f6 19. Nxe5 fxe5 20. Qg4 Bf6 21. Bxh6
O-O-O 22. Be3 Rdg8 23. Qe2 Be7 24. Bd2 Qd6 25. b4 b5 26. Qe4 Qb8 27. Qxe5 Bd6
28. Qe4 e5 29. Qd5 cxb4 30. Rab1 Rg6 1/2-1/2

[Event "Coupe de la Loire 2014"]
[Site "?"]
[Date "2014.05.24"]
[Round "3"]
[White "Piper, Stephane"]
[Black "Mazet, Christian"]
[Result "0-1"]
[WhiteElo "1554"]
[BlackElo "1571"]
[PlyCount "27"]
[EventDate "2014.??.??"]

1. Nf3 g6 2. g3 Bg7 3. Bg2 d5 4. d4 Nf6 5. O-O O-O 6. Bf4 c6 7. Na3 Nbd7 8. c4
dxc4 9. Nxc4 Nd5 10. Bd2 N7f6 11. Nfe5 Nc7 12. a4 Qxd4 13. Be3 Qxd1 14. Rfxd1
0-1

[Event "Coupe de la Loire 2014"]
[Site "?"]
[Date "2014.05.24"]
[Round "3"]
[White "Trottet, Francois"]
[Black "Valette, Nicolas"]
[Result "0-1"]
[WhiteElo "1520"]
[BlackElo "1390"]
[PlyCount "90"]
[EventDate "2014.??.??"]

1. e4 e5 2. Nf3 Nc6 3. Bb5 d6 4. O-O Bd7 5. c3 g6 6. d4 Bg7 7. d5 Nce7 8. Bxd7+
Qxd7 9. Bg5 Nf6 10. Re1 O-O 11. h3 Nh5 12. Nbd2 f6 13. Be3 f5 14. exf5 Nxf5 15.
Ng5 Nxe3 16. Rxe3 Bh6 17. h4 Nf4 18. Nde4 Bxg5 19. hxg5 Qf5 20. c4 b6 21. g4
Qf7 22. Nf6+ Kg7 23. Qf1 h6 24. Ne4 Kh7 25. a4 h5 26. Nf6+ Kh8 27. Raa3 hxg4
28. Nxg4 Nh5 29. Qh3 Qf5 30. Qh4 Kg7 31. b4 Qb1+ 32. Kh2 Qxb4 33. Nf6 Nxf6 34.
gxf6+ Rxf6 35. Rh3 Qxa3 36. Qh7+ Kf8 37. Qh8+ Ke7 38. Rh7+ Rf7 39. Rxf7+ Kxf7
40. Qxa8 Qxa4 41. Qd8 Qxc4 42. Qd7+ Kf6 43. Qe6+ Kg7 44. Qe7+ Kh6 45. Qf8+ Kg5
0-1

[Event "Coupe de la Loire 2014"]
[Site "?"]
[Date "2014.05.24"]
[Round "3"]
[White "Hong, Shawn"]
[Black "Fauvin, David"]
[Result "0-1"]
[WhiteElo "1360"]
[BlackElo "1510"]
[PlyCount "94"]
[EventDate "2014.??.??"]

1. e4 d5 2. exd5 Qxd5 3. Nc3 Qa5 4. d4 Nf6 5. Bd2 e6 6. Ne4 Qb6 7. Nxf6+ gxf6
8. Bc3 Bb4 9. Bxb4 Qxb4+ 10. c3 Qxb2 11. Qc1 Qxc1+ 12. Rxc1 b6 13. Bd3 Bb7 14.
Nf3 Nc6 15. O-O O-O-O 16. Rfd1 Rhg8 17. Rb1 Rg7 18. c4 Rdg8 19. g3 Ne7 20. Be2
f5 21. Rb2 f4 22. c5 fxg3 23. hxg3 Nd5 24. cxb6 axb6 25. a4 Nc3 26. Ra1 Nxe2+
27. Rxe2 Bxf3 28. Re3 Bd5 29. a5 bxa5 30. Rxa5 Kd7 31. Ra7 f5 32. Kf1 Rb8 33.
Ke2 Rb4 34. Rc3 Rc4 35. Rxc4 Bxc4+ 36. Ke3 Rg4 37. Ra8 Re4+ 38. Kf3 Rxd4 39.
Rh8 Bd5+ 40. Ke2 Re4+ 41. Kd2 Kd6 42. Rxh7 Bc4 43. Kc2 Be2 44. Kd2 Bg4 45. Kd3
c5 46. Rh1 Kd5 47. Rf1 Be2+ 0-1